Newest flags - Statistics

General Stats
  • This quiz has been taken 19 times
  • The average score is 15 of 16
Answer Stats
Picture Answer % Correct
Afghanistan
100%
Kyrgyzstan
100%
Bahrain
94%
Comoros
94%
Congo
94%
Georgia
94%
Iraq
94%
Libya
94%
Mauritania
94%
Syria
94%
Venezuela
94%
Lesotho
88%
Malawi
88%
Myanmar
88%
South Sudan
88%
Rwanda
81%
No matching quizzes found
Score Distribution
Percent of People with Each Score
Percentile by Number Answered
Your Score History
You have not taken this quiz